Trouvez les paroles de We are légendaire - Drag Race France - Statistiques

Statistiques générales
  • Ce quiz a été pris 68 fois
  • Le résultat moyen est 330 sur 497
Statistiques - réponses
Réponse % Correct
le
98%
Le
98%
A
96%
à
96%
me
96%
Me
96%
Moi
96%
moi
96%
pour
96%
Pour
96%
ce
93%
c'est
93%
C'est
93%
de
93%
et
93%
Et
93%
Ginger
93%
la
93%
La
93%
93%
ma
93%
qui
93%
si
93%
un
93%
Cent
91%
Kitty Space
91%
Mais
91%
mais
91%
ne
91%
pas
91%
Pas
91%
reine
91%
une
91%
bitch
89%
bonheur
89%
d'amour
89%
des
89%
je
89%
Je
89%
kilos
89%
met
89%
Première
89%
première
89%
Race
89%
asiatique
87%
Chaton
87%
en
87%
En
87%
mignon
87%
on
87%
prends
87%
crois
84%
du
84%
Du
84%
France
84%
lac
84%
que
84%
quiche
84%
ton
84%
Au
82%
au
82%
Cookie
82%
s'en
82%
sur
82%
Sur
82%
dans
80%
Dans
80%
j'arrive
80%
J'arrive
80%
j'suis
80%
J'suis
80%
les
80%
Les
80%
piste
80%
Quand
80%
queen
80%
Espèce
78%
Keiona
78%
La Grande Dame
78%
mets
78%
ou
78%
78%
pièce
78%
résistance
78%
sauf
78%
Sinon
78%
We
78%
are
76%
aussi
76%
Aussi
76%
chinoise
76%
concurrence
76%
j'deviens
76%
Presque
76%
replace
76%
Vietnam
76%
bitches
73%
couture
73%
danse
73%
haute
73%
j'adore
73%
J'éteins
73%
l'moteur
73%
méchante
73%
Paname
73%
voguing
73%
lace
71%
Madame
71%
merci
71%
ta
71%
Ta
71%
tu
71%
Tu
71%
Légendaires
69%
m'cherche
69%
non
69%
Paris
67%
Esprit
64%
esprit
64%
feu
64%
meilleur
64%
Miss Mami
64%
PICHE
64%
Punani
64%
aujourd'hui
62%
connais
62%
Duo
62%
égérie
62%
Plus
62%
plus
62%
Rose
62%
toujours
62%
capté
60%
déso
60%
humour
60%
Icône
60%
intimes
60%
j'avoue
60%
l'eau
60%
Mami
60%
miss
60%
Moon
60%
sera
60%
solo
60%
toi
60%
trans
60%
Vespi
60%
amie
58%
couronne
58%
dose
58%
éclipse
58%
Oui
58%
père
58%
Y'a
58%
cousine
56%
créature
56%
Créature
56%
helvétique
56%
Jeune
56%
parapluie
56%
petite
56%
voisine
56%
captes
53%
doctorat
53%
Elle
53%
Eve
53%
français
53%
gitane
53%
grand-mère
53%
j'ai
53%
mouillée
53%
nuit
53%
depuis
51%
est
51%
j'habite
51%
jolie
51%
paie
51%
regarde
51%
sexy
51%
tranchées
51%
avec
49%
Cookie Kunty
49%
Just
49%
know
49%
l'Afrique
49%
mérite
49%
mystique
49%
préférée
49%
tes
49%
toutes
49%
viens
49%
besoin
47%
couvre-feu
47%
crois-moi
47%
déshabillée
47%
fraîche
47%
grognasse
47%
Ouh
47%
plaint
47%
potes
47%
rase
47%
va
47%
cochon
44%
d'erreur
44%
gueux
44%
J'en
44%
Van de Kamp
44%
Boum
42%
Entre
42%
footballeur
42%
haineux
42%
même
42%
Même
42%
plein
42%
Poussez-vous
42%
regardes
42%
sans
42%
sauces
42%
tels
42%
appelle-moi
40%
aucune
40%
Barbe
40%
barbe
40%
bleue
40%
bonne
40%
celle-là
40%
coin
40%
Disco
40%
espanol
40%
jaloux
40%
l'heure
40%
Moldus
40%
noire
40%
p'tit
40%
télé
40%
vierge
40%
Bree
38%
camp
38%
coeur
38%
comme
38%
Donne-moi
38%
faut
38%
houmous
38%
Karembeu
38%
muse
38%
n'parle
38%
pare-feux
38%
années 80
36%
basse-cour
36%
dance
36%
Epaulettes
36%
Femme
36%
gâter
36%
haters
36%
m'accepter
36%
pied
36%
plâtre
36%
t'envoûte
36%
beauté
33%
boule
33%
cinema
33%
concours
33%
course
33%
cumule
33%
degrés
33%
fonds
33%
Lady
33%
malin
33%
monnaie
33%
ordi
33%
plate
33%
pompette
33%
quatre
33%
sommet
33%
soucis
33%
taff
33%
temps
33%
vilains
33%
200
31%
conquiers
31%
de près
31%
fin
31%
four
31%
Française
31%
m'as
31%
pookies
31%
poulette
31%
Sang-de-Bourbe
31%
t'as
31%
trop
31%
suis-moi
29%
voilà
29%
bébé
27%
Brushing
27%
celui
27%
Drôle
27%
J'parle
27%
miroir
27%
nonchalante
27%
piquante
27%
Sors
27%
marâtres
24%
Mère
24%
say
24%
We are
24%
ensorcelante
22%
j'y
22%
Noël
22%
quizas
22%
Some
22%
déclassée
20%
déjà
20%
fais
20%
gagné
20%
J'te
20%
l'sas
18%
maquerelle
18%
rêver
18%
classe
16%
peu
13%
would
13%
Indépendantes
9%
gamour
0%
Aucun quiz correspondant
Distribution des résultats
% des personnes avec chaque résultat
Percentile par nombre de réponses
Votre historique - résultats
Vous n’avez pas pris ce quiz